[Event "35. Potsdamer Weihnachtsturnier"]
[Site "?"]
[Date "2010.12.30"]
[Round "7.1"]
[White "Dauth, Benjamin"]
[Black "Hein, Carsten"]
[Result "1/2-1/2"]
[WhiteElo "2329"]
[BlackElo "2171"]
[PlyCount "27"]
[EventDate "2010.??.??"]
[WhiteTeam "SC Rotation Pankow e.V."]
[BlackTeam "SC Empor Potsdam 1952 e.V."]

1. e4 c5 2. c3 d5 3. exd5 Qxd5 4. d4 Nc6 5. Nf3 cxd4 6. cxd4 e5 7. Nc3 Bb4 8.
Bd2 Bxc3 9. Bxc3 e4 10. Ne5 Nxe5 11. dxe5 Ne7 12. Qc2 O-O 13. Rd1 Qxa2 14. Qxe4
1/2-1/2

[Event "35. Potsdamer Weihnachtsturnier"]
[Site "?"]
[Date "2010.12.30"]
[Round "7.3"]
[White "Grottke, Hans-Joachim"]
[Black "Hahlbohm, Matthias"]
[Result "1-0"]
[WhiteElo "2223"]
[BlackElo "2076"]
[PlyCount "68"]
[EventDate "2010.??.??"]
[WhiteTeam "SC Empor Potsdam 1952 e.V."]
[BlackTeam "TSG Oberschöneweide e.V."]

1. e4 e6 2. d4 d5 3. Nc3 Nf6 4. e5 Nfd7 5. f4 c5 6. Nf3 Nc6 7. Be3 Qb6 8. Na4
Qa5+ 9. c3 cxd4 10. b4 Qc7 11. Nxd4 Nxd4 12. Bxd4 Be7 13. Bd3 g6 14. O-O O-O
15. Qe2 Re8 16. Qe3 Bf8 17. Rae1 Bg7 18. Rc1 f6 19. Rfe1 fxe5 20. fxe5 Nb8 21.
Bc5 Bf8 22. c4 Qd7 23. b5 Bxc5 24. Nxc5 Qe7 25. Nb3 a6 26. b6 Nc6 27. Rf1 Rf8
28. Rxf8+ Qxf8 29. Rf1 Qg7 30. Rf6 Qe7 31. Qg5 Kh8 32. Bxg6 dxc4 33. Qh6 Kg8
34. Bxh7+ Kh8 1-0

[Event "35. Potsdamer Weihnachtsturnier"]
[Site "?"]
[Date "2010.12.30"]
[Round "7.4"]
[White "Galkin, Wladislaw"]
[Black "Von Herman, Ulf"]
[Result "1/2-1/2"]
[WhiteElo "1924"]
[BlackElo "2404"]
[PlyCount "84"]
[EventDate "2010.??.??"]
[WhiteTeam "SC Ladja Roßdorf"]
[BlackTeam "SK König Tegel 1949 e.V."]

1. d4 Nf6 2. c4 e6 3. Nc3 Bb4 4. Qc2 Nc6 5. e3 d6 6. Bd3 e5 7. Nf3 Qe7 8. d5
Bxc3+ 9. Qxc3 Nb8 10. Bc2 O-O 11. O-O a5 12. b3 Nbd7 13. a3 Nc5 14. Nd2 c6 15.
e4 Nh5 16. Rb1 Nf4 17. Kh1 f5 18. b4 axb4 19. axb4 Na6 20. dxc6 bxc6 21. exf5
c5 22. bxc5 Nxc5 23. Nb3 Na4 24. Qb4 Bxf5 25. Bxf5 Rxf5 26. Ra1 Nd3 27. Qb5 Qf7
28. Be3 Ndb2 29. Na5 e4 30. c5 dxc5 31. Rxa4 Nxa4 32. Qxa4 c4 33. Bb6 e3 34.
Qxc4 Rxf2 35. Qxf7+ Rxf7 36. Rxf7 Kxf7 37. Kg1 Ra6 38. Bc7 Rf6 39. Bg3 e2 40.
Bf2 Rf4 41. Nb3 Rb4 42. Nd2 h6 1/2-1/2

[Event "35. Potsdamer Weihnachtsturnier"]
[Site "?"]
[Date "2010.12.30"]
[Round "7.5"]
[White "Koenig, Marco"]
[Black "Rietze, Clemens"]
[Result "0-1"]
[WhiteElo "2093"]
[BlackElo "2235"]
[PlyCount "46"]
[EventDate "2010.??.??"]
[WhiteTeam "Burger SK Schwarz-Weiß"]
[BlackTeam "USV Potsdam e.V., Abt. Schach"]

1. e4 c5 2. Nf3 e6 3. d4 cxd4 4. Nxd4 Nc6 5. Nc3 Qc7 6. Be3 Nf6 7. Be2 a6 8. g4
Bb4 9. f3 h6 10. Qd2 d5 11. Nxc6 bxc6 12. a3 Be7 13. Kf2 Bb7 14. exd5 cxd5 15.
Na2 e5 16. c3 Rd8 17. Rac1 Nd7 18. Nb4 Nc5 19. Rhd1 O-O 20. Nd3 Ne4+ 21. fxe4
dxe4 22. h4 exd3 23. Bf3 f5 0-1

[Event "35. Potsdamer Weihnachtsturnier"]
[Site "?"]
[Date "2010.12.30"]
[Round "7.6"]
[White "Pueschel, Werner"]
[Black "Cremer, Jan Paul"]
[Result "1/2-1/2"]
[WhiteElo "2173"]
[BlackElo "2003"]
[PlyCount "42"]
[EventDate "2010.??.??"]
[WhiteTeam "SG Lasker Steglitz-Wilmersdorf"]
[BlackTeam "Schachpinguine Berlin e.V."]

1. a3 Nf6 2. Nf3 g6 3. d3 Bg7 4. g3 O-O 5. Bg2 d5 6. O-O c5 7. c3 Nc6 8. Qc2 e5
9. Bg5 Be6 10. Nbd2 Qc7 11. Nb3 Nd7 12. Rad1 h6 13. Bc1 c4 14. Nbd2 Nc5 15. Ne1
Rad8 16. b4 cxb3 17. Nxb3 Qb6 18. Nxc5 Qxc5 19. Bb2 Rc8 20. Rc1 Qb6 21. Rb1 Qc7
1/2-1/2

[Event "35. Potsdamer Weihnachtsturnier"]
[Site "?"]
[Date "2010.12.30"]
[Round "7.7"]
[White "Schaefer, Heiko"]
[Black "Lenz, Tobias"]
[Result "1-0"]
[WhiteElo "2124"]
[BlackElo "1955"]
[PlyCount "77"]
[EventDate "2010.??.??"]
[WhiteTeam "Potsdamer SV Mitte e.V."]
[BlackTeam "BSG Pneumant Fürstenwalde e.V."]

1. d4 e6 2. c4 d5 3. Nc3 c6 4. e3 f5 5. g4 Nf6 6. gxf5 exf5 7. Nf3 Be7 8. h4
Be6 9. Ng5 Bg8 10. Qb3 Qb6 11. Bd2 Nbd7 12. Bd3 g6 13. O-O-O h6 14. Nh3 dxc4
15. Bxc4 Qxb3 16. axb3 b5 17. Bxg8 Rxg8 18. Nf4 b4 19. Nce2 g5 20. hxg5 hxg5
21. Nd3 a5 22. Ng3 f4 23. exf4 g4 24. Rde1 Kd8 25. Ne5 Nxe5 26. dxe5 Nd5 27.
Rh7 a4 28. bxa4 Rxa4 29. Kc2 c5 30. Kb3 Nb6 31. Rd1 c4+ 32. Kc2 b3+ 33. Kb1 Ke8
34. Be3 c3 35. bxc3 Nc4 36. Nf5 Ba3 37. Rc7 Bf8 38. Rd4 g3 39. Nxg3 1-0

[Event "35. Potsdamer Weihnachtsturnier"]
[Site "?"]
[Date "2010.12.30"]
[Round "7.8"]
[White "Sicora, Carsten"]
[Black "Schmidt, Joerg"]
[Result "0-1"]
[WhiteElo "1981"]
[BlackElo "2125"]
[PlyCount "56"]
[EventDate "2010.??.??"]
[WhiteTeam "ohne Verein"]
[BlackTeam "SV Aufbau Bernburg"]

1. e4 d5 2. exd5 Qxd5 3. Nc3 Qa5 4. d4 Nf6 5. Nf3 Bg4 6. h3 Bh5 7. g4 Bg6 8.
Bd2 c6 9. Ne5 Qd8 10. Qe2 Qxd4 11. Nxg6 hxg6 12. O-O-O Qb6 13. g5 Nfd7 14. f4
Na6 15. Be3 Qc7 16. Bg2 e6 17. Rxd7 Qxd7 18. Rd1 Qc7 19. Ne4 Be7 20. Qc4 Rd8
21. Rxd8+ Qxd8 22. Bxa7 O-O 23. Bd4 Nb4 24. Be5 Qb6 25. Bd4 Nxa2+ 26. Kb1 Qb4
27. Qxb4 Nxb4 28. Bc3 Rd8 0-1

[Event "35. Potsdamer Weihnachtsturnier"]
[Site "?"]
[Date "2010.12.30"]
[Round "7.9"]
[White "Allgaier, Erik"]
[Black "Petrak, Falk"]
[Result "1-0"]
[WhiteElo "2074"]
[BlackElo "1950"]
[PlyCount "31"]
[EventDate "2010.??.??"]
[WhiteTeam "BVG Helmholtz"]
[BlackTeam "Potsdamer SV Mitte e.V."]

1. d4 e6 2. Nf3 Nf6 3. e3 d5 4. Bd3 b6 5. Ne5 c5 6. c3 Bd6 7. f4 c4 8. Bc2 O-O
9. Nd2 Nfd7 10. Nexc4 dxc4 11. Be4 Qc7 12. Bxa8 Bb7 13. Bxb7 Qxb7 14. Qf3 Qxf3
15. gxf3 b5 16. a4 1-0

[Event "35. Potsdamer Weihnachtsturnier"]
[Site "?"]
[Date "2010.12.30"]
[Round "7.10"]
[White "Segerberg, Tomas"]
[Black "Schirrmacher, Carsten"]
[Result "1-0"]
[WhiteElo "1954"]
[BlackElo "2060"]
[PlyCount "137"]
[EventDate "2010.??.??"]
[WhiteTeam "SG Narva Berlin e.V."]
[BlackTeam "SC Zitadelle Spandau 1977 e.V."]

1. c4 e6 2. e4 d5 3. exd5 exd5 4. d4 Bb4+ 5. Nc3 Qe7+ 6. Be3 Nf6 7. Nf3 O-O 8.
Be2 Re8 9. h3 Nc6 10. O-O Bxc3 11. bxc3 Ne4 12. Qc1 dxc4 13. Bxc4 Nd6 14. Bg5
Qf8 15. Bd5 Na5 16. Bf4 c6 17. Bb3 Be6 18. Qa3 Nac4 19. Bxc4 Nxc4 20. Qxf8+
Kxf8 21. Rfe1 f6 22. Nd2 Kf7 23. Rxe6 Kxe6 24. Nxc4 Kd5 25. Nd6 Re7 26. c4+ Ke6
27. Re1+ Kd7 28. Rxe7+ Kxe7 29. Nxb7 Ke6 30. g4 h5 31. Nc5+ Kf7 32. d5 cxd5 33.
cxd5 hxg4 34. hxg4 Rc8 35. Na6 Rc4 36. Bc7 Rxg4+ 37. Kf1 Ra4 38. d6 Ke8 39. d7+
Kxd7 40. Nc5+ Kxc7 41. Nxa4 Kc6 42. Ke2 Kb5 43. Nc3+ Kc4 44. Kd2 f5 45. Ne2 g5
46. Ng3 f4 47. Nh5 Kd4 48. f3 Ke5 49. Kd3 Kf5 50. Ng7+ Ke5 51. a4 Kd5 52. Nf5
Kc5 53. Kc3 Kd5 54. Nh6 Ke5 55. Kc4 a6 56. Ng4+ Kd6 57. a5 Kc6 58. Nf2 Kd7 59.
Nh3 g4 60. fxg4 f3 61. Kc5 Kc7 62. Nf2 Kd7 63. Kb6 Kd6 64. Kxa6 Ke5 65. Kb6 Kf4
66. a6 Kg3 67. a7 Kxf2 68. a8=Q Kg3 69. Qxf3+ 1-0

[Event "35. Potsdamer Weihnachtsturnier"]
[Site "?"]
[Date "2010.12.30"]
[Round "7.11"]
[White "Große, Michael"]
[Black "Wiezer, Siegfried"]
[Result "0-1"]
[WhiteElo "1901"]
[BlackElo "2014"]
[PlyCount "78"]
[EventDate "2010.??.??"]
[WhiteTeam "SC Empor Potsdam 1952 e.V."]
[BlackTeam "SV Königsjäger Süd-West e.V."]

1. Nf3 Nf6 2. b3 e6 3. Bb2 d5 4. e3 c5 5. Be2 Nc6 6. O-O Bd6 7. d3 O-O 8. Nbd2
Qe7 9. e4 e5 10. Re1 Be6 11. Bf1 d4 12. Nc4 Bc7 13. a4 h6 14. Qc1 Nh5 15. g3 f5
16. exf5 Rxf5 17. Nh4 Rf6 18. Ng2 g5 19. Qd1 Ng7 20. Nd2 Bd5 21. Ne4 Bxe4 22.
dxe4 Na5 23. Bd3 Raf8 24. Rf1 Qf7 25. Qe2 Ne8 26. Ba3 Bd6 27. Qe1 b6 28. Bc1
Nc7 29. Bd2 Nc6 30. Bc4 Ne6 31. h4 g4 32. Qd1 Qg6 33. Qe2 a5 34. Bxe6+ Rxe6 35.
Qb5 Bc7 36. Rae1 Kh7 37. Qd3 Ref6 38. Re2 Na7 39. f4 gxf3 0-1

[Event "35. Potsdamer Weihnachtsturnier"]
[Site "?"]
[Date "2010.12.30"]
[Round "7.12"]
[White "Hahn, Thomas"]
[Black "Krefenstein, Sergej"]
[Result "0-1"]
[WhiteElo "1843"]
[BlackElo "1998"]
[PlyCount "90"]
[EventDate "2010.??.??"]
[WhiteTeam "SC Empor Potsdam 1952 e.V."]
[BlackTeam "ohne Verein"]

1. d4 Nf6 2. Bf4 e6 3. Nf3 b6 4. e3 Bb7 5. Be2 Bb4+ 6. c3 Be7 7. h3 O-O 8. O-O
d6 9. Nbd2 Nbd7 10. Re1 Re8 11. Qc2 Bf8 12. Nc4 Ne4 13. Bd3 f5 14. Ncd2 Ndf6
15. Bg5 Nxg5 16. Nxg5 d5 17. Ngf3 Bd6 18. Rad1 Ne4 19. Ne5 Bxe5 20. dxe5 Qe7
21. f3 Nc5 22. Bb5 Red8 23. b4 Nd7 24. f4 c5 25. Qb2 Rab8 26. Nf3 Rdc8 27. Rc1
Rc7 28. a3 Rbc8 29. Bd3 h6 30. Qd2 Kf7 31. Rc2 a5 32. Rb2 axb4 33. axb4 Ra8 34.
Bb5 Ra3 35. Kf2 Rc8 36. Reb1 Nf8 37. Ra2 cxb4 38. cxb4 Rac3 39. Nd4 Qh4+ 40.
Kf3 g5 41. Qf2 Qxf4+ 42. Ke2 Qxe5 43. Ra7 Rc2+ 44. Nxc2 Rxc2+ 45. Ke1 Qc3+ 0-1

[Event "35. Potsdamer Weihnachtsturnier"]
[Site "?"]
[Date "2010.12.30"]
[Round "7.13"]
[White "Peschel, Andreas"]
[Black "Roth, Joachim"]
[Result "1-0"]
[WhiteElo "2177"]
[BlackElo "1892"]
[PlyCount "67"]
[EventDate "2010.??.??"]
[WhiteTeam "SG Solingen e.V."]
[BlackTeam "FV Bund"]

1. d4 e6 2. Nf3 d5 3. c4 c6 4. e3 f5 5. Nc3 Nf6 6. Ne5 Bd6 7. Be2 O-O 8. b3
Nbd7 9. Nxd7 Bxd7 10. Bb2 e5 11. cxd5 exd4 12. Qxd4 Qe7 13. dxc6 Bxc6 14. O-O
Kh8 15. Nb5 Rad8 16. Nxd6 Ne4 17. Qxg7+ Qxg7 18. Bxg7+ Kxg7 19. Nxe4 fxe4 20.
Rad1 Rde8 21. Bc4 Rf5 22. g4 Rg5 23. Be2 Rc5 24. Rc1 Ra5 25. a4 Re7 26. Rfd1
Rae5 27. h4 h6 28. Rd4 R5e6 29. Rcd1 Rf6 30. Rd6 Rf8 31. Rd8 Rxd8 32. Rxd8 Kh7
33. Rd6 Rg7 34. Kg2 1-0

[Event "35. Potsdamer Weihnachtsturnier"]
[Site "?"]
[Date "2010.12.30"]
[Round "7.16"]
[White "Cusnariov, Nicolai"]
[Black "Muehlhan, Klaus"]
[Result "1-0"]
[WhiteElo "2167"]
[BlackElo "1971"]
[PlyCount "67"]
[EventDate "2010.??.??"]
[WhiteTeam "USV Potsdam e.V., Abt. Schach"]
[BlackTeam "SC Empor Potsdam 1952 e.V."]

1. c4 Nf6 2. Nc3 c5 3. g3 e6 4. Bg2 Be7 5. Nf3 Qb6 6. O-O d6 7. d4 cxd4 8. Nxd4
Bd7 9. Ndb5 d5 10. Be3 Qa5 11. a3 a6 12. Nd4 Bc6 13. Nb3 Qd8 14. cxd5 Nxd5 15.
Nxd5 exd5 16. Rc1 O-O 17. Qd2 Bf6 18. Bd4 Nd7 19. Rfd1 Re8 20. e3 Ne5 21. Bxe5
Rxe5 22. Nd4 Qb6 23. Qc2 Ree8 24. b4 Rac8 25. Qd2 Rcd8 26. Qa2 g6 27. Qb3 a5
28. b5 Bxd4 29. Rxd4 Qxb5 30. Qxb5 Bxb5 31. Bxd5 Ba6 32. Rc7 Rf8 33. Rxf7 Rfe8
34. Rd7+ 1-0

[Event "35. Potsdamer Weihnachtsturnier"]
[Site "?"]
[Date "2010.12.30"]
[Round "7.17"]
[White "Mueller, Klaus"]
[Black "Bauer, Mirko"]
[Result "1-0"]
[WhiteElo "2002"]
[BlackElo "1691"]
[PlyCount "81"]
[EventDate "2010.??.??"]
[WhiteTeam "SG Lok Brandenburg, Abt. Schach"]
[BlackTeam "SAV Torgelow"]

1. e4 c5 2. Nf3 Nc6 3. d4 cxd4 4. Nxd4 Nf6 5. Nc3 e5 6. Ndb5 d6 7. Nd5 Nxd5 8.
exd5 Nb8 9. c4 Be7 10. Be2 O-O 11. O-O a6 12. Nc3 Nd7 13. Be3 f5 14. f3 Nf6 15.
b4 Nd7 16. Qb3 Kh8 17. Rac1 b6 18. Rcd1 Rb8 19. Qc2 Qc7 20. Bd3 g6 21. a4 a5
22. Nb5 Qd8 23. Na7 Bb7 24. Nc6 Bxc6 25. dxc6 Nf6 26. b5 Qc7 27. Be2 Rbd8 28.
Rfe1 d5 29. cxd5 Nxd5 30. Bf2 Bb4 31. Rf1 Rfe8 32. Bc4 Nf6 33. Bh4 Bc5+ 34. Kh1
Qg7 35. Rxd8 Rxd8 36. Rd1 Rd6 37. Rxd6 Bxd6 38. Qd2 Bc7 39. Bxf6 Qxf6 40. Qd5
Kg7 41. Qd7+ 1-0

[Event "35. Potsdamer Weihnachtsturnier"]
[Site "?"]
[Date "2010.12.30"]
[Round "7.18"]
[White "Scheide, Helmut"]
[Black "Schrodt, Horst"]
[Result "1-0"]
[WhiteElo "1965"]
[BlackElo "1699"]
[PlyCount "71"]
[EventDate "2010.??.??"]
[WhiteTeam "USV Potsdam e.V., Abt. Schach"]
[BlackTeam "SC Eintracht Berlin e.V."]

1. d4 d5 2. c4 c6 3. e3 Nf6 4. Nc3 dxc4 5. Bxc4 e6 6. Nf3 Nbd7 7. O-O Be7 8. e4
O-O 9. Re1 Bb4 10. Bd3 h6 11. Bc2 Re8 12. Qd3 Nf8 13. e5 Nd5 14. Bd2 Nxc3 15.
bxc3 Be7 16. c4 b6 17. Rab1 Qc7 18. Rbc1 Bb7 19. d5 exd5 20. cxd5 Bc5 21. d6
Qd7 22. Nh4 Qg4 23. Nf5 Ng6 24. h3 Nf4 25. hxg4 Nxd3 26. Bxd3 Re6 27. Ne7+ Kf8
28. Bf5 Rxe7 29. dxe7+ Kxe7 30. g5 g6 31. Bh3 h5 32. e6 Rd8 33. Bc3 Rd5 34.
Bf6+ Ke8 35. exf7+ Kxf7 36. Be6+ 1-0

[Event "35. Potsdamer Weihnachtsturnier"]
[Site "?"]
[Date "2010.12.30"]
[Round "7.19"]
[White "Scholz, Ralf-Dieter"]
[Black "Rosenau, Sven"]
[Result "1/2-1/2"]
[WhiteElo "1898"]
[BlackElo "1945"]
[PlyCount "73"]
[EventDate "2010.??.??"]
[WhiteTeam "USV Potsdam e.V., Abt. Schach"]
[BlackTeam "SC Iffezheim"]

1. e4 d6 2. g3 Nf6 3. Bg2 c6 4. d4 Nbd7 5. Ne2 e5 6. c3 Qc7 7. O-O Be7 8. f4
O-O 9. Qc2 b6 10. Nd2 c5 11. d5 Ba6 12. c4 b5 13. cxb5 Bxb5 14. Nc4 Bxc4 15.
Qxc4 Qa5 16. Qc3 Qb5 17. Rf2 Ng4 18. Bf1 Nxf2 19. Kxf2 Rab8 20. f5 Nf6 21. Qf3
Qb4 22. Nc3 Qd4+ 23. Kg2 Bd8 24. Be2 Bb6 25. Be3 Qb4 26. Rb1 Rfc8 27. a3 Qa5
28. Bc1 c4 29. Bd2 Bd4 30. Bd1 Nd7 31. Qg4 Kh8 32. Qh5 Kg8 33. Qg4 Qd8 34. h4
Kh8 35. h5 h6 36. Qe2 Nc5 37. Bc2 1/2-1/2

[Event "35. Potsdamer Weihnachtsturnier"]
[Site "?"]
[Date "2010.12.30"]
[Round "7.20"]
[White "Schwarz, Oliver"]
[Black "Bachran, Boris"]
[Result "1/2-1/2"]
[WhiteElo "1860"]
[BlackElo "1944"]
[PlyCount "25"]
[EventDate "2010.??.??"]
[WhiteTeam "SV Königsjäger Süd-West e.V."]
[BlackTeam "SG Lok Brandenburg, Abt. Schach"]

1. e4 c6 2. d4 d5 3. e5 Bf5 4. h4 h5 5. Nc3 e6 6. Bd3 Bxd3 7. Qxd3 g6 8. Nf3
Bh6 9. Bg5 Qb6 10. O-O Bxg5 11. Nxg5 Ne7 12. Ne2 Nf5 13. g3 1/2-1/2

[Event "35. Potsdamer Weihnachtsturnier"]
[Site "?"]
[Date "2010.12.30"]
[Round "7.21"]
[White "Maslov, Maxim"]
[Black "Witt, Ronald"]
[Result "0-1"]
[WhiteElo "1790"]
[BlackElo "2099"]
[PlyCount "65"]
[EventDate "2010.??.??"]
[WhiteTeam "TuS Makkabi Berlin e.V."]
[BlackTeam "Schachfreunde Zehdenick 76 e.V."]

1. e4 c6 2. d4 d5 3. Nc3 dxe4 4. Nxe4 Bf5 5. Ng3 Bg6 6. Nf3 Nd7 7. Bd3 Qc7 8.
O-O Ngf6 9. b3 e6 10. Bb2 Bd6 11. c4 O-O 12. Re1 Rad8 13. Bxg6 hxg6 14. Qc2
Rfe8 15. Ne4 Nxe4 16. Qxe4 Qa5 17. Re3 Qf5 18. Qxf5 gxf5 19. Rae1 Nf6 20. Ne5
Bxe5 21. Rxe5 Rd7 22. R5e3 Red8 23. Rd1 Ng4 24. Rg3 e5 25. h3 Nf6 26. d5 Ne4
27. Rgd3 Nc5 28. Rg3 f6 29. Ba3 Ne4 30. Rgd3 cxd5 31. cxd5 Rc8 32. Rc1 Rxc1+
33. Bxc1 0-1

[Event "35. Potsdamer Weihnachtsturnier"]
[Site "?"]
[Date "2010.12.30"]
[Round "7.22"]
[White "Kostré, Margarita"]
[Black "Koenig, Frank"]
[Result "1/2-1/2"]
[WhiteElo "1805"]
[BlackElo "1985"]
[PlyCount "71"]
[EventDate "2010.??.??"]
[WhiteTeam "Schachpinguine Berlin e.V."]
[BlackTeam "BSG 1827 Eckbauer e.V."]

1. e4 c5 2. Nf3 g6 3. c4 Bg7 4. d4 cxd4 5. Nxd4 Nc6 6. Be3 Nf6 7. Nc3 O-O 8.
Be2 d6 9. O-O Bd7 10. f3 Nxd4 11. Bxd4 Bc6 12. Re1 Nd7 13. Be3 a5 14. Bf1 Nc5
15. Qe2 a4 16. a3 Ne6 17. Qf2 Qa5 18. Nd5 Bxd5 19. exd5 Nc5 20. Rab1 Rfc8 21.
Kh1 Nd7 22. b4 axb3 23. Rxb3 Rc7 24. Reb1 Nc5 25. Bxc5 dxc5 26. Rxb7 Bd4 27.
Qe2 Ra7 28. R7b3 Qa6 29. Qe4 Qf6 30. f4 Qh4 31. g3 Qg4 32. Bd3 h5 33. Be2 Qd7
34. Rb8+ Kg7 35. R8b3 Ra4 36. Kg2 1/2-1/2

[Event "35. Potsdamer Weihnachtsturnier"]
[Site "?"]
[Date "2010.12.30"]
[Round "7.24"]
[White "Cech, Tim"]
[Black "Richter, Hans-Peter"]
[Result "1/2-1/2"]
[WhiteElo "1780"]
[BlackElo "1946"]
[PlyCount "58"]
[EventDate "2010.??.??"]
[WhiteTeam "USV Potsdam e.V., Abt. Schach"]
[BlackTeam "SC Empor Potsdam 1952 e.V."]

1. e4 e5 2. Nf3 Nc6 3. Nc3 Nf6 4. Bb5 Bc5 5. O-O O-O 6. d3 Re8 7. Bg5 h6 8. Bh4
g5 9. Nxg5 hxg5 10. Bxg5 Be7 11. f4 d5 12. Bxf6 Bxf6 13. exd5 a6 14. dxc6 axb5
15. fxe5 Qd4+ 16. Kh1 Bg4 17. Nxb5 Bxd1 18. Nxd4 Bxe5 19. Rfxd1 Bxd4 20. c3 Bg7
21. cxb7 Rab8 22. Re1 Red8 23. d4 Rxb7 24. Re2 c5 25. dxc5 Rb5 26. Rae1 Kh7 27.
g3 Rxc5 28. Re7 Kg6 29. Kg2 Rb5 1/2-1/2

[Event "35. Potsdamer Weihnachtsturnier"]
[Site "?"]
[Date "2010.12.30"]
[Round "7.28"]
[White "Reich, Christian"]
[Black "Sonntag, Sven"]
[Result "0-1"]
[WhiteElo "1590"]
[BlackElo "1909"]
[PlyCount "84"]
[EventDate "2010.??.??"]
[WhiteTeam "SC Straubing"]
[BlackTeam "SK Dessau 93 e. V."]

1. e4 Nf6 2. Nc3 d5 3. e5 d4 4. exf6 dxc3 5. fxg7 cxd2+ 6. Qxd2 Qxd2+ 7. Bxd2
Bxg7 8. c3 Be6 9. Nf3 Nd7 10. Nd4 Bd5 11. Nb5 Be5 12. f4 Bd6 13. Nxd6+ cxd6 14.
Rg1 Rc8 15. g3 Nc5 16. Be3 b6 17. Bxc5 Rxc5 18. Bg2 Be6 19. Kd2 h5 20. b4 Rc7
21. Bf3 Bg4 22. Bxg4 hxg4 23. Rg2 f5 24. Re1 Kf7 25. Re3 e6 26. Rge2 Re8 27.
Kd3 d5 28. Kd2 Rc4 29. Rd3 b5 30. a3 Rec8 31. Ree3 R8c6 32. Rd4 Ra6 33. Rxc4
bxc4 34. Re1 Rxa3 35. Rc1 Ra2+ 36. Rc2 Rxc2+ 37. Kxc2 Ke7 38. Kd2 Kd6 39. Ke3
Kc6 40. Kd4 Kb5 41. Ke5 a6 42. Kd4 Ka4 0-1

[Event "35. Potsdamer Weihnachtsturnier"]
[Site "?"]
[Date "2010.12.30"]
[Round "7.31"]
[White "Brandt, Fred"]
[Black "Schwedek, Tony"]
[Result "1/2-1/2"]
[WhiteElo "1911"]
[BlackElo "1456"]
[PlyCount "59"]
[EventDate "2010.??.??"]
[WhiteTeam "SV Königsjäger Süd-West e.V."]
[BlackTeam "SC Zitadelle Spandau 1977 e.V."]

1. d4 d5 2. Nf3 Nf6 3. e3 e6 4. Bd3 c5 5. c3 Nc6 6. Nbd2 Qc7 7. O-O Bd6 8. dxc5
Bxc5 9. e4 O-O 10. Qc2 dxe4 11. Nxe4 Nxe4 12. Bxe4 h6 13. b4 Bd6 14. a4 Ne5 15.
g3 f5 16. Nxe5 Bxe5 17. Bg2 Qxc3 18. Ra2 Qxc2 19. Rxc2 Rb8 20. Re1 Bd6 21. Ba3
a5 22. Rc4 Bxb4 23. Bxb4 axb4 24. Rxb4 Bd7 25. Reb1 Ra8 26. Ra1 Bc6 27. a5 Bxg2
28. Kxg2 Ra7 29. Rb6 Rfa8 30. Rab1 1/2-1/2

[Event "35. Potsdamer Weihnachtsturnier"]
[Site "?"]
[Date "2010.12.30"]
[Round "7.32"]
[White "Calamar, George"]
[Black "Kliem, Helmut"]
[Result "1/2-1/2"]
[WhiteElo "1489"]
[BlackElo "1799"]
[PlyCount "124"]
[EventDate "2010.??.??"]
[WhiteTeam "ohne Verein"]
[BlackTeam "SV Königsjäger Süd-West e.V."]

1. c4 Nf6 2. Nc3 e6 3. g3 c5 4. Bg2 Nc6 5. e3 Be7 6. Nge2 O-O 7. O-O d5 8. cxd5
exd5 9. d4 Be6 10. Nf4 cxd4 11. exd4 Bg4 12. f3 Bf5 13. g4 Be6 14. Nxe6 fxe6
15. g5 Ne8 16. f4 Qb6 17. Kh1 Qxd4 18. Qe2 Nc7 19. Nb5 Nxb5 20. Qxb5 Qb6 21.
Qe2 Nd4 22. Qg4 Nf5 23. Re1 Bc5 24. Qe2 Rae8 25. Bd2 Bf2 26. Rec1 Be3 27. Bxe3
Nxe3 28. Qf3 Nxg2 29. Kxg2 Qxb2+ 30. Kg3 Rc8 31. Rab1 Qd4 32. Rd1 Qc3 33. Rd3
Qc7 34. Qe3 Qf7 35. Re1 Rce8 36. Qe5 Qf5 37. Rxd5 exd5 38. Qxf5 Rxf5 39. Rxe8+
Rf8 40. Re7 Rd8 41. Rxb7 d4 42. Rb2 Kf7 43. Kf3 Ke6 44. Ke4 Rd7 45. Rd2 Rb7 46.
h4 Rb1 47. Rxd4 Rb7 48. Ra4 g6 49. Ra6+ Ke7 50. a4 Kd7 51. Ke5 Ke7 52. Rc6 Kd7
53. Rc4 Ke7 54. f5 gxf5 55. Kxf5 Kf7 56. h5 Rd7 57. Rc5 Rb7 58. a5 a6 59. Kg4
Rb4+ 60. Kf5 Rb7 61. Kg4 Rb4+ 62. Kf5 Rb7 1/2-1/2

[Event "35. Potsdamer Weihnachtsturnier"]
[Site "?"]
[Date "2010.12.30"]
[Round "7.33"]
[White "Schmidt, Konrad"]
[Black "Ulrich, Gert"]
[Result "0-1"]
[WhiteElo "1478"]
[BlackElo "1750"]
[PlyCount "82"]
[EventDate "2010.??.??"]
[WhiteTeam "USV TU Dresden"]
[BlackTeam "ESV Delitzsch"]

1. e4 c5 2. Nf3 e6 3. d4 cxd4 4. Nxd4 a6 5. Nc3 b5 6. Bd3 Bb7 7. Be3 Ne7 8. Qd2
Nbc6 9. Nb3 Ng6 10. f4 Be7 11. Nc5 Bxc5 12. Bxc5 d6 13. Be3 Qh4+ 14. g3 Qe7 15.
h4 Qc7 16. O-O O-O 17. h5 Nge7 18. h6 g6 19. Qf2 f5 20. a4 b4 21. Ne2 fxe4 22.
Bxe4 d5 23. Bf3 Nf5 24. Bb6 Qd7 25. Rad1 Nxh6 26. Nd4 Nxd4 27. Bxd4 Nf5 28. Be5
Rac8 29. g4 Ne7 30. Rd2 Nc6 31. Qe2 Nxe5 32. Qxe5 Rc4 33. Bg2 Bc8 34. b3 Rc3
35. Rfd1 Rg3 36. Kh2 Rxg4 37. Bh3 Rgxf4 38. Rxd5 Rf2+ 39. Kh1 Qc6 40. c4 exd5
41. cxd5 Qf6 0-1

[Event "35. Potsdamer Weihnachtsturnier"]
[Site "?"]
[Date "2010.12.30"]
[Round "7.34"]
[White "Bielick, Jakob"]
[Black "Heinrich, Daniela"]
[Result "0-1"]
[WhiteElo "1700"]
[BlackElo "1476"]
[PlyCount "100"]
[EventDate "2010.??.??"]
[WhiteTeam "USV Potsdam e.V., Abt. Schach"]
[BlackTeam "Schachverein Briesen e.V."]

1. e4 c5 2. Nf3 Nc6 3. d4 cxd4 4. Nxd4 d6 5. Nc3 Nf6 6. Bg5 e6 7. Bc4 Be7 8. f4
h6 9. Bxf6 Bxf6 10. Ncb5 Nxd4 11. Nxd4 Qb6 12. Nb5 Ke7 13. Qd2 a6 14. Nxd6 Qxd6
15. Qxd6+ Kxd6 16. e5+ Bxe5 17. fxe5+ Kxe5 18. Rf1 b5 19. Bb3 f5 20. O-O-O Bb7
21. Rfe1+ Be4 22. c3 Rad8 23. Bc2 Rxd1+ 24. Kxd1 Rd8+ 25. Kc1 g5 26. Bxe4 fxe4
27. Kc2 h5 28. Rd1 Rd5 29. b3 a5 30. Ra1 e3 31. Rd1 Ke4 32. c4 Rxd1 33. Kxd1
bxc4 34. bxc4 Kd4 35. Ke2 e5 36. c5 Kxc5 37. Kxe3 Kd5 38. h3 g4 39. hxg4 hxg4
40. g3 e4 41. Ke2 Kd4 42. Kd2 e3+ 43. Ke2 Ke4 44. a4 Kd4 45. Ke1 Kd3 46. Kd1
e2+ 47. Ke1 Kc3 48. Kxe2 Kb4 49. Kd2 Kxa4 50. Kc3 Kb5 0-1

[Event "35. Potsdamer Weihnachtsturnier"]
[Site "?"]
[Date "2010.12.30"]
[Round "7.35"]
[White "Raulin, Kian"]
[Black "Laurin, Dirk"]
[Result "1-0"]
[WhiteElo "1304"]
[BlackElo "1678"]
[PlyCount "75"]
[EventDate "2010.??.??"]
[WhiteTeam "SC Zitadelle Spandau 1977 e.V."]
[BlackTeam "SG Narva Berlin e.V."]

1. e4 Nf6 2. Nc3 e5 3. Nf3 d6 4. Bc4 c6 5. Bb3 Bg4 6. d3 h6 7. h3 Bd7 8. Be3
Be7 9. Qd2 Qc7 10. g4 d5 11. exd5 cxd5 12. Bxd5 Bb4 13. Be4 Nc6 14. a3 Nxe4 15.
dxe4 Bxc3 16. Qxc3 O-O 17. O-O-O f6 18. Nh4 Rac8 19. Nf5 Bxf5 20. gxf5 Rfd8 21.
Rdg1 Qf7 22. Qb3 Qxb3 23. cxb3 Nd4+ 24. Kb1 Nxb3 25. Bxh6 Rd7 26. Be3 Nd2+ 27.
Ka2 Nxe4 28. Rc1 Rcd8 29. Bxa7 b5 30. Bb6 Ra8 31. h4 b4 32. Rhe1 Rb7 33. Rc6
bxa3 34. Rxe4 axb2+ 35. Kxb2 Ra5 36. Rb4 Rd5 37. Kc3 Rbd7 38. Be3 1-0